000 01002nam a2200265Ia 4500
003 OSt
005 20220923211045.0
006 a|||||r|||| 00| 0
007 ta
008 220922b |||||||| |||| 00| 0 pan d
020 _a8175380942
_c200
024 _a260,695
037 _b532, 02/12/2011, H.K. Prakashan
_cTextual
040 _aARTS
_cARTS
_bpan
041 _2pan
_apan
082 _aO153,2:g, P9
100 _aਢਿੱਲੋ੍ਵ, ਕੰਵਲਜੀਤ ਕੌਰ
_9157709
245 0 _aਪੰਜਾਬੀ ਨਾਟਕ
_b ਵਿਚਾਰਧਾਰਕ ਪ੍ਰਵਿਰਤੀਆਂ
260 _aਚਡਿਗੜ
_b ਲੋਕਗੀਤ ਪ੍ਰਕਾFਨ
_c2009
300 _a163ਪੰ
_ccm.
650 _a ਨਾਟਕ ਪੰਜਾਬੀ ਆਲੋਚਨਾ
_9157710
650 _aਪੰਜਾਬੀ ਸਾਹਿਤ
942 _hO153,2:g, P9
_cTEXL
_2CC
999 _c294631
_d294631